Szczegóły MARC21

Elementy nauki o przedsiębiorstwie : praca zbiorowa /

003 -Nazwa inst., której nr kontr. jest w polu 001 [,]
    • @
    • Nazwa instytucji, której n kontrolny jest w polu 001
    • NUKAT
005 -DATA I CZAS OSTATNIEJ MODYFIKACJI [,]
    • @
    • pole kontrolne
    • 20241231100204.0
020 -Międzynarod. znormalizowany nr książki - ISBN [ , ]
    • a
    • Numer ISBN
    • 8391064107 Find
040 -Instytucja sporządzająca opis [ , ]
    • a
    • Instytucja, która sporządziła opis (NP)
    • WR U/hp
    • c
    • Instytucja, która sporządziła rekord (NP)
    • WR U/hp
    • d
    • Instytucja, która zmodyfikowała rekord (P)
    • WR U/dl
    • d
    • Instytucja, która zmodyfikowała rekord (P)
    • WR U/JHs
942 -Rodzaj dokumentu [ , ]
    • c
    • Rodzaj dokumentu
    • Książka
245 -Strefa tytułu i oznaczenia odpowiedzialności [0,0]
    • a
    • Tytuł
    • Elementy nauki o przedsiębiorstwie : Find
    • b
    • Ciąg dalszy tytułu (NP)
    • praca zbiorowa / Find
    • c
    • Pozostałe elementy strefy tytułu i oznaczenia odpowiedzialności (NP)
    • pod red. Stanisława Marka ; [aut.: Maria Białasiewicz et al.].
260 -Strefa adresu wydawniczego [ , ]
    • a
    • Miejsce wydania (P)
    • Szczecin :
    • b
    • Nazwa wydawcy (P)
    • Fundacja na Rzecz Uniwersytetu Szczecińskiego,
    • c
    • Data wydania (P)
    • 1999.
300 -Strefa opisu fizycznego [ , ]
    • a
    • Określenie formy książki i/lub objętość (NP)
    • 540 s. ;
    • c
    • Format (NP)
    • 24 cm.
336 -Typ zawartości [ , ]
    • a
    • Termin opisujący typ zawartości
    • Tekst
    • b
    • Kod określający zawartość
    • txt
    • 2
    • Źródło (terminu i kodu)
    • rdacontent
337 -Typ mediów [ , ]
    • a
    • Tryb odtwarzania
    • Bez urządzenia pośredniczącego
    • b
    • Kod typu mediów
    • n
    • 2
    • Źródło (terminu i kodu)
    • rdamedia
338 -Typ/rodzaj nośnika [ , ]
    • a
    • Hasło opisujące typ nośnika
    • Wolumin
    • b
    • Kod typu nośnika
    • nc
    • 2
    • Źródło (terminu i kodu)
    • rdacarrier
504 -Uwaga dot. bibliogr. załącznikowej [ , ]
    • a
    • Uwaga dot. bibliografii załącznikowej
    • Bibliogr. s. [513]-536.
080 -Uniwersalna Klasyfikacja Dziesiętna [ , ]
    • 2
    • Identyfikator wydania tablic
    • UDC-P022
    • a
    • Symbol klasyfikacji
    • 658.1/.5
    • b
    • Dopowiedzenie
    • Organizacja przedsiębiorstwa.
    • x
    • Poddział wspólny
    • (07)
    • b
    • Dopowiedzenie
    • (Wydawnictwa dydaktyczne. Podręczniki).
080 -Uniwersalna Klasyfikacja Dziesiętna [ , ]
    • 2
    • Identyfikator wydania tablic
    • UDC-P022
    • a
    • Symbol klasyfikacji
    • 65.011
    • b
    • Dopowiedzenie
    • Podstawowe zasady organizacji. Gospodarność. Racjonalizacja. Produktywność. Sprawność. Reformy. Prakseologia. Podejmowanie decyzji. Rachunek ekonomiczny.
    • x
    • Poddział wspólny
    • (07)
    • b
    • Dopowiedzenie
    • (Wydawnictwa dydaktyczne. Podręczniki).
650 -Hasło przedmiotowe [ ,7]
    • a
    • Hasło przedmiotowe
    • Przedsiębiorstwa.
    • 2
    • Źródło terminu
    • kaba
    • 9
    • KHW
    • 126410
980 -Symbol UKD [ , ]
    • a
    • UKD
    • 658.1/.5.011(07)
700 -Hasło dodatkowe - nazwa osobowa [1, ]
    • a
    • Nazwa osobowa (NP)
    • Marek, Stanisław Find
    • c
    • Dopowiedzenie inne niż daty biograficzne (NP)
    • (ekonomista).
    • e
    • Określenie rodzaju współpracy
    • Red.
    • 9
    • KHW
    • 46884
700 -Hasło dodatkowe - nazwa osobowa [1, ]
    • a
    • Nazwa osobowa (NP)
    • Białasiewicz, Maria. Find
    • 9
    • KHW
    • 20620
920 -ISBN [ , ]
    • a
    • ISBN
    • 83-910641-0-7 Find
Data inwentaryzacji Lokalizacja Status udost. Numer inwentarzowy Sygnatura
1999-11-26BE-2E.66359 
1999-11-26BE-6S.84514 
1999-11-26BE2S.84515 
1999-11-26BE-6S.84516 
1999-11-26BE-6S.84517 
1999-11-26BE-6S.84518 
1999-11-26BE-6S.84519 
1999-11-26BE-6S.84520 
1999-11-26BE-6S.84521 
1999-11-26BE2S.84522 
1999-11-26BE2S.84523 
1999-11-26BE2S.84524 
1999-11-26BE-3S.84525 
1999-11-26BE-6S.84526 
1999-11-26BE2S.84527 
1999-11-26BE2S.84528 
1999-11-26BE-6S.84529 
1999-11-26BE2S.84530 
1999-11-26BE2S.84531 
1999-11-26BE-6S.84532 
1999-11-26BE2S.84533 
2000-01-14BE2S.84943 
2000-01-14BE-6S.84944 
2000-01-14BE-6S.84945 
2000-01-14BE-6S.84946 
2000-01-14BE2S.84947 
2000-01-14BE-6S.84948 
2000-01-14BE-6S.84949 
2000-01-14BE2S.84950 
2000-01-14BE-6S.84951 
2000-01-14BE2S.84952 
2000-11-17BE-3S.87173 
2000-11-17BE-3S.87174 
1999-11-26T2T.1254 
1999-11-26T-3T.1255 
1999-11-26T-3T.1256 
1999-11-26T-6T.1257 
1999-11-26T-6T.1258 
1999-11-26T-6T.1259 
1999-11-26T-3T.1260 
1999-11-26T-6T.1261 
1999-11-26T-6T.1262 
1999-11-26T-6T.1263 
2000-01-14T-6T.1649 
2000-01-14T-6T.1650 
2000-01-14T-3T.1651 
2000-01-14T-3T.1652 
2000-01-14T-6T.1653 
2000-11-17T-3T.3340 
2000-11-17T-6T.3341 
2000-11-17T-6T.3342 
2000-11-17T-6T.3343 
2000-11-17T-3T.3344 
2001-02-27T-6T.4255 
2001-02-27T-3T.4256 
2001-02-27T-6T.4257 
2001-02-27T-3T.4258 
2001-02-27T-6T.4259 
2001-02-27T-3T.4260 
2001-02-27T-3T.4261 
2001-02-27T-3T.4262 
2001-02-27T-6T.4263 
2001-02-27T-6T.4264 
2001-02-27T-3T.4265 
2001-02-27T-3T.4266 
2001-02-27T-3T.4267 
2001-02-27T-3T.4268 
2001-02-27T-6T.4269 
2001-02-27T-3T.4270 
2001-02-27T-4T.4271 
2001-02-27T-3T.4272 
2001-02-27T-6T.4273 
2001-02-27T-6T.4274 
2002-10-29T-3TM.366 
2002-10-29T-3TM.367 
2004-06-29T-3TM.2436 
2004-06-29T-3TM.2437 
2007-09-05T-6TM.4937 
2009-04-30T-3TM.6521 
2014-05-28T-3TM.11020 
2015-10-05T-3TM.12738TM.12738